| 000 | 01006 a2200289 4500 | ||
|---|---|---|---|
| 999 |
_c200129589 _d6765 |
||
| 001 | 200129589 | ||
| 003 | TR-AnTOB | ||
| 005 | 20231218135122.0 | ||
| 008 | 130529b tu 000 0 | ||
| 040 |
_aTR-AnTOB _beng _erda _cTR-AnTOB |
||
| 041 | _atur | ||
| 050 |
_aHC495.I5 _bG45 2013 |
||
| 090 |
_aHC495.I5 _bG45 2013 |
||
| 110 |
_aTürkiye. _bGelir İdaresi Başkanlığı _995588 |
||
| 245 | 1 | 0 |
_a2013 yılı performans programı / _cGelir İdaresi Başkanlığı Strateji Geliştirme Daire Başkanlığı. |
| 264 | 1 |
_aAnkara: _bGelir İdaresi Başkanlığı Strateji Geliştirme Daire Başkanlığı, _c2013 |
|
| 300 |
_a102 pages : _billustrations ; _c29 cm |
||
| 336 |
_atext _btxt _2rdacontent |
||
| 337 |
_aunmediated _bn _2rdamedia |
||
| 338 |
_avolume _bnc _2rdacarrier |
||
| 490 | 0 | _aYayın no: 156. | |
| 650 | 0 |
_aMilli gelir _zTürkiye _912709 |
|
| 650 | 0 |
_aGelir dağılımı _zTürkiye _9123915 |
|
| 650 | 0 |
_aNational income _zTurkey _940486 |
|
| 942 |
_2lcc _cBK |
||